Real estate finance : (Record no. 345724)
[ view plain ]
| 000 -LEADER | |
|---|---|
| fixed length control field | 00932 a2200217 4500 |
| 020 ## - INTERNATIONAL STANDARD BOOK NUMBER | |
| International Standard Book Number | 0134334752 |
| 020 ## - INTERNATIONAL STANDARD BOOK NUMBER | |
| International Standard Book Number | 9780134334752 |
| 082 04 - DEWEY DECIMAL CLASSIFICATION NUMBER | |
| Classification number | 332.72 |
| 090 ## - LOCALLY ASSIGNED LC-TYPE CALL NUMBER (OCLC); LOCAL CALL NUMBER (RLIN) | |
| -- | 3236 |
| -- | 3236 |
| 100 1# - MAIN ENTRY--PERSONAL NAME | |
| Personal name | Clauretie, Terrence M. |
| 245 10 - TITLE STATEMENT | |
| Title | Real estate finance : |
| Remainder of title | theory and practice / |
| Statement of responsibility, etc. | Terrence M. Clauretie. |
| 250 ## - EDITION STATEMENT | |
| Edition statement | 2nd/Bk&Dsk ed. |
| 260 ## - PUBLICATION, DISTRIBUTION, ETC. | |
| Place of publication, distribution, etc. | [S.l.] : |
| Name of publisher, distributor, etc. | Prentice Hall, |
| Date of publication, distribution, etc. | 1996. |
| 300 ## - PHYSICAL DESCRIPTION | |
| Extent | 669 p. ; |
| Dimensions | 27 cm. |
| 500 ## - GENERAL NOTE | |
| General note | Hardcover. |
| 520 ## - SUMMARY, ETC. | |
| Summary, etc. | This insightful text applies the theoretical aspects of financial economics to explain how real estate financial institutions and markets have developed and evolved to their present state, and why they take the form they do. |
| 700 1# - ADDED ENTRY--PERSONAL NAME | |
| Personal name | Sirmans, G. Stacy. |
| 856 40 - ELECTRONIC LOCATION AND ACCESS | |
| Materials specified | Amazon.com |
| Uniform Resource Identifier | <a href="http://www.amazon.com/exec/obidos/ASIN/0134334752/chopaconline-20">http://www.amazon.com/exec/obidos/ASIN/0134334752/chopaconline-20</a> |
| 856 40 - ELECTRONIC LOCATION AND ACCESS | |
| Materials specified | Amazon customer reviews |
| Uniform Resource Identifier | <a href="http://www.chopac.org/cgi-bin/tools/azrev.pl?q=0134334752">http://www.chopac.org/cgi-bin/tools/azrev.pl?q=0134334752</a> |
| 942 ## - ADDED ENTRY ELEMENTS (KOHA) | |
| Institution code [OBSOLETE] | NBS |
| Koha item type | Book |
| Call number prefix | 332.72 CLA |
| Withdrawn status | Lost status | Source of classification or shelving scheme | Damaged status | Not for loan | Permanent Location | Current Location | Date acquired | Total Checkouts | Full call number | Barcode | Date last seen | Date last checked out | Price effective from | Koha item type | Public note |
|---|---|---|---|---|---|---|---|---|---|---|---|---|---|---|---|
| Write Off | Central Library (CL) | Central Library (CL) | 08/28/2013 | 1 | 332.72 CLA | NBS4944 | 11/22/2017 | 08/04/2017 | 08/28/2013 | Book | Write off File No.0908/IRC/NBS Dated Aug 16, 2018 |
